Inventarizácia majetku a záväzkov v organizáciách štátnej správy a samosprávy

Pojem inventarizácia podľa zákona o účtovníctve. Právna úprava inventarizácie. Spôsob vykonania inventúry. Lehoty uskutočnenia inventarizácie.

Gespeichert in:
Bibliographische Detailangaben
1. Verfasser: Zakhar, Ladislav
Format: Buchkapitel
Sprache:Slowakisch
Schlagworte:
Tags: Tag hinzufügen
Keine Tags, Fügen Sie das erste Tag hinzu!

MARC

LEADER 00000naa a2200000 4500
001 0143691
005 20231204100845.7
041 0 |a slo 
044 |a SK 
245 1 0 |a Inventarizácia majetku a záväzkov v organizáciách štátnej správy a samosprávy  |c Ladislav Zakhar 
520 |a Pojem inventarizácia podľa zákona o účtovníctve. Právna úprava inventarizácie. Spôsob vykonania inventúry. Lehoty uskutočnenia inventarizácie. 
610 2 0 |a inventarizácia 
610 2 0 |a organizácie 
610 2 0 |a správa štátna 
610 2 0 |a samospráva 
610 2 0 |a Slovensko 
100 1 |a Zakhar, Ladislav